000 00810nam a2200217 a 4500
001 000027639
003 OSt
005 20201105102927.0
008 110404s1935 dr r 000 0 spa d
040 _aDO-SdBNP
_bspa
_cBNPHU
082 4 _a630.715
_bC977e
245 1 0 _aCurso elemental de estudios agro-pecuarios por correspondencia.
260 _a[Santo Domingo], :
_bSecretaría de Estado de Trabajo, Agricultura, Industria y Comercio
_c1935.
300 _a1v.
_c24 cm.
500 _aVarios fascículos encuadernados juntos : números 65-93; lección 1 a 29
590 _aInventariado, 2018/ YL
650 4 _aAgricultura
_xEnseñanza
_zRepública Dominicana
_977157
650 4 _aPecuaria
_xEnseñanza
_zRepública Dominicana
_977158
910 _aValidado. Control de calidad MFF
942 _2ddc
_cLBS1
999 _c27131
_d27131